বাংলার সাময়িকপত্রে বাঙালি মুসলিম নারীসমাজ ১৯০০-১৯৪৭/ (Record no. 18198)

MARC details
000 -LEADER
fixed length control field 01025nam a22002177a 4500
003 - CONTROL NUMBER IDENTIFIER
control field BDDh-ASL
005 - DATE AND TIME OF LATEST TRANSACTION
control field 20231015025706.0
008 - FIXED-LENGTH DATA ELEMENTS--GENERAL INFORMATION
fixed length control field 200921b1998 ||||| b||| 001 0 d
020 ## - INTERNATIONAL STANDARD BOOK NUMBER
International Standard Book Number 9840737333
040 ## - CATALOGING SOURCE
Original cataloging agency BDDh-ASL
Transcribing agency BDDh-ASL
Modifying agency BDDh-ASL
041 ## - LANGUAGE CODE
Language code of text/sound track or separate title bengali
082 ## - DEWEY DECIMAL CLASSIFICATION NUMBER
Classification number 305.48697
Item number ALB
100 1# - MAIN ENTRY--PERSONAL NAME
Personal name আলম, তাহমিনা
9 (RLIN) 1038
245 1# - TITLE STATEMENT
Title বাংলার সাময়িকপত্রে বাঙালি মুসলিম নারীসমাজ ১৯০০-১৯৪৭/
Statement of responsibility, etc. তাহমিনা আলম।
246 ## - VARYING FORM OF TITLE
Title proper/short title Banglar Samayikpatre Bangali Muslim Narisamaj.
260 ## - PUBLICATION, DISTRIBUTION, ETC.
Place of publication, distribution, etc. ঢাকা:
Name of publisher, distributor, etc. বাংলা একাডেমী,
Date of publication, distribution, etc. ১৯৯৮।
300 ## - PHYSICAL DESCRIPTION
Extent ১৯২ পৃষ্ঠা:
Dimensions ২২ সে. মি.।
504 ## - BIBLIOGRAPHY, ETC. NOTE
Bibliography, etc. note গ্রন্থপঞ্জি ও নির্ঘন্ট সংযুক্ত।
650 #0 - SUBJECT ADDED ENTRY--TOPICAL TERM
9 (RLIN) 1039
Topical term or geographic name entry element মুসলিম নারী
General subdivision নারী সমাজ
-- সামাজিক বিজ্ঞান
942 ## - ADDED ENTRY ELEMENTS (KOHA)
Source of classification or shelving scheme Dewey Decimal Classification
Koha item type Books
Holdings
Withdrawn status Lost status Source of classification or shelving scheme Damaged status Not for loan Collection code Home library Current library Shelving location Date acquired Source of acquisition Total Checkouts Full call number Barcode Date last seen Copy number Price effective from Koha item type
    Dewey Decimal Classification     Non-fiction Asiatic Society Library Asiatic Society Library General Stacks 09/21/2020 ASB Collection   305.48697 ALB 101368 09/21/2020 C-1 09/21/2020 Books
    Dewey Decimal Classification     Non-fiction Asiatic Society Library Asiatic Society Library Wakil Ahmed Collection 03/11/2023 Donated by Professor Wakil Ahmed   305.48697 ALB 119561 03/11/2023 C-2 03/11/2023 Books

Powered by Koha